Bạn nhà nông
Đã lưu trong:
| 主要作者: | |
|---|---|
| 格式: | 图书 |
| 语言: | Undetermined |
| 出版: |
Tp. HCM
Trẻ
2001
|
| 主题: | |
| 标签: |
添加标签
没有标签, 成为第一个标记此记录!
|
| Thư viện lưu trữ: | Trung tâm Học liệu Trường Đại học Cần Thơ |
|---|
| LEADER | 00530nam a2200169Ia 4500 | ||
|---|---|---|---|
| 001 | CTU_45546 | ||
| 008 | 210402s9999 xx 000 0 und d | ||
| 082 | |a 630 | ||
| 082 | |b B105/T1 | ||
| 100 | |a Cục Khuyên nông - Khuyên lâm phía Nam | ||
| 245 | 0 | |a Bạn nhà nông | |
| 245 | 0 | |c Cục Khuyên nông - Khuyên lâm phía Nam | |
| 260 | |a Tp. HCM | ||
| 260 | |b Trẻ | ||
| 260 | |c 2001 | ||
| 650 | |a crabs - breeding,fish - breeding,shrimps - breeding | ||
| 980 | |a Trung tâm Học liệu Trường Đại học Cần Thơ | ||